LEADER 02726nam0 2200481 450 001 000039262 005 20161026125426.0 010 $a3-484-10567-4$bVol. 2 010 $a3-484-10566-6$bV. 1 010 $a3-484-10568-2$bV. 3 010 $a3-484-10555-0$bV. 5.2 010 $a3-484-10563-1$bV. 5.1 100 $a20141023d--------km-y0itaa50------ba 101 0 $ager 102 $aDE 200 1 $aDeutsche Lyrik der frühen Neuzeit$fHans-Georg Kemper 210 $aTübingen$cNiemeyer 215 $aVolumi$cill.$d24 cm. 327 1 $aVol. 2: Konfessionalismus. - 1987. - IX, 326 p.$aVol. 1: Epochen- und Gattungsprobleme. Reformationszeit. - 1987. - XIV, 315 p.$aVol. 3: Barock-Mystik. - 1988. - XI, 358 p.$aVol. 5.1: Aufkarung und Pietismus. - 1991. - XI, 180 p.$aVol. 5.2: Fruhaufklarung. - X, 248 p. 559 1 $aKonfessionalismus 559 1 $aEpochen-und Gattungsprobleme. Reformationszeit. 559 1 $aBarock-Mystik 559 1 $aAufkarung und Pietismus 559 1 $aFruhaufklarung 606 1 $aPoesia lirica tedesca$zSec. 16.-18. 676 $a831.09$v(22. ed.)$9Poesia tedesca. Storia, descrizione, studio critico di opere in più d'una forma 700 1$aKemper,$bHans-Georg$0175019 801 0$aIT$bUniversità della Basilicata - B.I.A.$gREICAT$2unimarc 912 $a000039262 996 $aDeutsche Lyrik der frühen Neuzeit$91530554 997 $aUNIBAS BAS $aLETTERE CAT $aEXT017$b01$c20141023$lBAS01$h1016 CAT $aEXT017$b01$c20141023$lBAS01$h1020 CAT $aSTD109$b01$c20160628$lBAS01$h1255 CAT $aMDL$b30$c20161026$lBAS01$h1254 FMT Z30 -1$lBAS01$LBAS01$mBOOK$1BASA1$APolo Storico-Umanistico$2DSLF$BCollezione DiSLF$3DF/E2338$64450$5F4450$820141023$f04$FPrestabile Didattica$hVol. 2: Konfessionalismus Z30 -1$lBAS01$LBAS01$mBOOK$1BASA1$APolo Storico-Umanistico$2DSLF$BCollezione DiSLF$3DF/SE 574$64307/1$5F4307/1$820160628$f02$FPrestabile Generale$hVol 1: Epochen- und Gattungsprobleme. Reformationszeit Z30 -1$lBAS01$LBAS01$mBOOK$1BASA1$APolo Storico-Umanistico$2DSLF$BCollezione DiSLF$3DF/SE 575$64307/2$5F4307/2$820160629$f02$FPrestabile Generale$hVol. 2: Konfessionalismus. - 1987 Z30 -1$lBAS01$LBAS01$mBOOK$1BASA1$APolo Storico-Umanistico$2DSLF$BCollezione DiSLF$3DF/SE 576$64307/3$5F4307/3$820160628$f02$FPrestabile Generale$hVol 3: Barock-Mystik Z30 -1$lBAS01$LBAS01$mBOOK$1BASA1$APolo Storico-Umanistico$2DSLF$BCollezione DiSLF$3DF/SE 577$64307/4$5F4307/4$820160628$f02$FPrestabile Generale$hVol. 5/I: Aufklarung und Pietismus Z30 -1$lBAS01$LBAS01$mBOOK$1BASA1$APolo Storico-Umanistico$2DSLF$BCollezione DiSLF$3DF/SE 578$64307/5$5F4307/5$820160629$f02$FPrestabile Generale$hFruhaufklarung